000 00861nam a2200253Ia 4500
003 OSt
005 20221005113052.0
006 a|||||r|||| 00| 0
007 ta
008 221004b |||||||| |||| 00| 0 pan d
020 _c150
024 _a11604
037 _b818, 13/03/2014, H.K. Prakashan
_cTextual
040 _aCRL
_cCRL
_bpan
041 _2pan
_apan
082 _aQ8441, 153P3
100 _aਭੱਲਾ, ਜਸਬੀਰ ਸਿੰਘ
245 0 _aਸਿੱਖ ਸਿਧਾਂਤ ਗੁਰਮਤਿ ਵਿਚਾਰਧਾਰਾ
260 _aਦਿੱਲੀ
_bਮਨਪ੍ਰੀਤ ਪ੍ਰਕਾFਨ ਭਾਰਤ
_c2003
300 _a148ਪੰ
_ccm.
650 _aਧਰਮ
942 _hQ8441, 153P3
_cTEXL
_2cc
999 _c1026928
_d1026928